Adjustment with a human face /

Bibliographic Details
Other Authors: Cornia, Giovanni Andrea, Jolly, Richard, Stewart, Frances
Format: Book
Language:English
Published: Oxford [Oxfordshire] : Clarendon Press, 1987-
Subjects:

MARC

Tag First Indicator Second Indicator Subfields
LEADER 00000cam a22000008a 4500
001 in00000012144
005 20151007051753.0
008 870410m19879999enka b 00100 eng
010 |a  87011137  
020 |a 0198286104 (v. 1) :  |c £25 ($37.50 U.S.) 
020 |a 0198286090 (pbk. : v. 1) :  |c £7.95 ($12.00 U.S.) 
035 |a (OCoLC)15590232 
035 |9 AAA4696AM 
040 |a DLC  |c DLC  |d m/c  |d TXA  |d UtOrBLW 
049 |a TXAM  |v 1 [A11030146]  |v 2 [A11675441] 
050 0 0 |a HV713  |b .A37 1987 
082 0 |a 362.7/042  |2 19 
245 0 0 |a Adjustment with a human face /  |c edited by Giovanni Andrea Cornia, Richard Jolly, and Frances Stewart. 
263 |a 8709 
264 1 |a Oxford [Oxfordshire] :  |b Clarendon Press,  |c 1987- 
300 |a volumes :  |b illustrations 
336 |a text  |b txt  |2 rdacontent 
337 |a unmediated  |b n  |2 rdamedia 
338 |a volume  |b nc  |2 rdacarrier 
504 |a Bibliography: volume 1, pages [299]-313. 
500 |a Includes index. 
505 1 |a V.1. Protecting the vulnerable and promoting growth. 
650 0 |a Child welfare. 
650 0 |a Children  |x Economic conditions. 
650 0 |a Economic policy. 
650 0 |a Depressions. 
700 1 |a Cornia, Giovanni Andrea. 
700 1 |a Jolly, Richard. 
700 1 |a Stewart, Frances. 
999 |a MARS 
999 f f |s ba3477a3-ad6e-3620-a5af-ecb357c0b4a7  |i 30996f41-fff8-33ff-8859-8164c65c7015  |t 0 
952 f f |p ric  |a Texas A&M University  |b Rellis Campus  |c Joint Library Facility  |d Remote Storage  |t 0  |e HV713 .A37 1987  |h Library of Congress classification  |i unmediated -- volume  |k v.1  |m A14811030146 
952 f f |p ric  |a Texas A&M University  |b Rellis Campus  |c Joint Library Facility  |d Remote Storage  |t 0  |e HV713 .A37 1987  |h Library of Congress classification  |i unmediated -- volume  |k v.2  |m A14811675441 
998 f f |a HV713 .A37 1987  |s v.2  |t 0  |l Remote Storage